000 01100naa a22002777a 4500
001 BR8901391
003 BR-BrBNA
005 20250721155351.0
007 ta
008 250630b bl.|||m| |||| 00| 0 por d
040 _aBR-BrBNA
_bpor
_cBiblioteca Nacional de Agricultura
041 _a(Pt)
072 _aE10
_b/G514
090 _aE10 BR8901391
100 1 _aEscosteguy, C.
245 1 _aPolitica agricola: o caso da pesquisa agropecuaria e da extensao rural
500 _aPolitica agricola. Economia, agricultura e politica agricola. Credito rural e precos. Pesquisa agropecuaria e extensao rural Ijui, RS (Brasil): 1985. p. 42-63 [14 ref.] (BR8901391-AMS)
773 0 _tPolitica agricola. Economia, agricultura e politica agricola. Credito rural e precos. Pesquisa agropecuaria e extensao rural
_wE10 BR8901391
_gIjui, RS (Brasil), 1985. p. 42-63
650 _aAGRICULTURA
650 _aPOLITICA ECONOMICA
650 _aPESQUISA AGRICOLA
650 _aEXTENSAO RURAL
490 _aBoletim CRIAEC (Brazil)
_vv. 3(43)
942 _cAMS
_2AGRIS
909 _a202506
_bLúcia
_c55
_dLúcia Elande
999 _c336106
_d336106